Bilecik Bilecik Bilecik Bilecik Bilecik

Son menzil/ (Record no. 43208)

MARC details
000 -BAŞLIK
Sabit Uzunluktaki Kontrol Alanı 01173nam a22003857a 4500
001 - KONTROL NUMARASI
Control Dosyası 0043387
003 - KONTROL NUMARASI KİMLİĞİ
Kontrol Alanı KOHA_MİRAKIL
005 - EN SON İŞLEM TARİHİ ve ZAMANI
Kontrol Alanı 20260207003347.0
007 - FİZİKSEL TANIM SABİT ALAN - GENEL BİLGİ
Sabit uzunluklu kontrol alanı ta
008 - SABİT UZUNLUKTAKİ VERİ ÖGELERİ - GENEL BİLGİ
Sabit Alan 130730b2007 tu |||gr||||#0|||1|tur |
020 ## - ISBN - ULUSLARARASI STANDART KİTAP NUMARASI
Isbn 9789757663928
Nitelik bilgileri 9757663921
040 ## - KATALOGLAMA KAYNAĞI
Özgün Kataloglama Kurumu TR-BiSEU
Kataloglama Dili tur
Çeviri Kurumu TR-BiSEU
Açıklama Kuralları rda
041 0# - DİL KODU
Metin ya da ses kaydının dil kodu tur
044 ## - YAYINLAYAN/ÜRETEN KURULUŞUN ÜLKE KODU
ISO country code tu
050 ## - SINIFLAMA ve YER NUMARASI
Sınıflama Numarası PL248.A98
Yer Numarası S66 2007
100 1# - KİŞİ ADI
Yazar Adı (Kişi adı) Ayverdi, Sâmiha.
245 1# - ESER ADI BİLDİRİMİ
Başlık Son menzil/
Sorumluluk Bildirimi Sâmiha Ayverdi ; Sâmiha Ayverdi.
250 ## - BASIM BİLDİRİMİ
Basım Bildirimi 3. basım
264 #1 - ÜRERİM, YAYIN, DAĞITIM ve TELİF BİLDİRİMİ
Yayın yeri İstanbul :
Yayınlayan Kubbealtı Neşriyat
Yayın tarihi 2007
300 ## - FİZİKSEL TANIMLAMA
Sayfa, Cilt vb. 255 sayfa ;
Boyutları 20 cm.
336 ## - İÇERİK TÜRÜ
Content type term metin
Content type code txt
Source rdacontent
337 ## - MEDYA TÜRÜ
Media type term aracısız
Media type code n
Source rdamedia
338 ## - TAŞIYICI TÜRÜ
Carrier type term cilt
Carrier type code nc
Source rdacarrier
490 1# - DİZİ BİLDİRİMİ
Dizi Bildirimi Kubbealtı Neşriyatı ;
Cilt Numarası 100.
490 1# - DİZİ BİLDİRİMİ
Dizi Bildirimi Ayverdi Enstitüsü Neşriyatı ;
Cilt Numarası 26.
490 1# - DİZİ BİLDİRİMİ
Dizi Bildirimi Samiha Ayverdi Külliyatı ;
Cilt Numarası 6
500 ## - GENEL NOT
Genel Not Dizin var.
650 #0 - KONU BAŞLIĞI EK GİRİŞ - KONU TERİMİ
Konusal terim veya coğrafi ad Türk romanı.
9 (RLIN) 5504
650 #0 - KONU BAŞLIĞI EK GİRİŞ - KONU TERİMİ
Konusal terim veya coğrafi ad Turkish fiction.
9 (RLIN) 6661
830 1# - SERİ EK GİRİŞİ - TEKBİÇİM ESER ADI
Tekbiçim Başlık Kubbealtı Neşriyatı ;
Volume number/sequential designation 100.
9 (RLIN) 36689
830 1# - SERİ EK GİRİŞİ - TEKBİÇİM ESER ADI
Tekbiçim Başlık Ayverdi Enstitüsü Neşriyatı ;
Volume number/sequential designation 26.
9 (RLIN) 45895
830 1# - SERİ EK GİRİŞİ - TEKBİÇİM ESER ADI
Tekbiçim Başlık Samiha Ayverdi Külliyatı ;
Volume number/sequential designation 6
9 (RLIN) 75578
907 ## - LOCAL DATA ELEMENT G, LDG (RLIN)
a Roman
942 ## - EK GİRİŞ ÖGELERİ (KOHA)
Source of classification or shelving scheme Library of Congress Classification
Koha item type Book
Holdings
Materyal Türü Kalıcı Konum Mevcut Konum Raf Yeri Sınıflandırma Kaynağı Edinim Bilgisi Ana Konular Alt Konular Yer Numarası Demirbaş Numarası Fatura Tarihi Maliyet, Alış Fiyatı Maliyet, Yenileme Fiyatı Geri Çekilme Durumu Kayıp Durumu Hasarlı Durumu Kredi için değil Kayıt Tarih Toplam Ödünçverme Toplam Yenileme Çıkış Durumu Son Görülme Tarihi Son Kontrol Tarihi Satın Alma Notu
Book Prof. Dr. Azmi Özcan Kütüphanesi Prof. Dr. Azmi Özcan Kütüphanesi Birûni Salonu Library of Congress Classification Satın DİL VE EDEBİYAT Doğu Asya, Afrika, Okyanusya Dilleri ve Edebiyatları PL248.A98 S66 2007 0043387 24/09/2013 9.66 9.66         30/07/2013 3 2 24/04/2026 05/12/2024 05/12/2024 73291-73383 (92 sayfa)